[Event "Montreal op"]
[Site "Montreal CAN"]
[Date "1997.09.01"]
[Round "4"]
[White "Hua, Lefong"]
[Black "Lacroix, Serge"]
[Result "0-1"]
[WhiteElo "2209"]
[BlackElo "1994"]
[Annotator "Incomplete"]
[PlyCount "58"]
[EventDate "1997.08.30"]
[EventType "swiss"]
[EventRounds "5"]
[EventCountry "CAN"]

1. d4 Nf6 2. c4 e6 3. Nf3 Bb4+ 4. Bd2 Qe7 5. e3 O-O 6. Be2 b6 7. O-O Bb7 8. a3
Bxd2 9. Nbxd2 a5 10. b3 d6 11. Qc2 c5 12. Qb2 Nbd7 13. b4 Bc6 14. Rab1 Ne4 15.
Bd3 Ndf6 16. bxc5 bxc5 17. Qb6 Qd7 18. Rb2 Nxd2 19. Nxd2 cxd4 20. Qxd4 Rfb8 21.
Rfb1 Qc7 22. c5 d5 23. f4 Rxb2 24. Qxb2 Nd7 25. Qc2 g6 26. Nf3 a4 27. Nd4 Ra5
28. Rc1 Qb7 29. Kf2 Rxc5 {etc.} 0-1

[Event "Montreal op"]
[Site "Montreal CAN"]
[Date "1997.09.01"]
[Round "5"]
[White "Lacroix, Serge"]
[Black "Bouchard, Jean-Marc"]
[Result "1/2-1/2"]
[WhiteElo "1994"]
[BlackElo "1915"]
[PlyCount "111"]
[EventDate "1997.08.30"]
[EventType "swiss"]
[EventRounds "5"]
[EventCountry "CAN"]

1. e4 e6 2. d4 d5 3. Nc3 Nf6 4. Bg5 Be7 5. e5 Nfd7 6. Bxe7 Qxe7 7. Qd2 a6 8.
Nf3 c5 9. dxc5 Nc6 10. O-O-O h6 11. Qe3 Qxc5 12. Qxc5 Nxc5 13. Bd3 b5 14. a3
Bb7 15. Rhe1 O-O-O 16. Bf1 Kb8 17. Nd4 Rde8 18. f4 g6 19. g4 Nxd4 20. Rxd4 h5
21. h3 hxg4 22. hxg4 Rh2 23. Rd2 Reh8 24. b4 Nd7 25. a4 Rxd2 26. Kxd2 d4 27.
Ne2 bxa4 28. Nxd4 Nb6 29. c4 Rh2+ 30. Kc3 Rf2 31. f5 gxf5 32. gxf5 exf5 33. Bd3
Bc8 34. Rg1 a3 35. Ra1 Na4+ 36. Kb3 Nb2 37. Bc2 Rf4 38. Kc3 Be6 39. Rxa3 Nxc4
40. Nxe6 Rf3+ 41. Kxc4 Rxa3 42. Ng5 f4 43. Be4 Kc7 44. Bd5 Rg3 45. Nf3 Kb6 46.
Kd4 Kb5 47. Ke4 Rg7 48. Kf5 Kxb4 49. Kf6 Rg6+ 50. Kxf7 Rb6 51. Nd2 Kc5 52. Bf3
Kd4 53. e6 Rxe6 54. Kxe6 Ke3 55. Bb7 Kxd2 56. Bxa6 1/2-1/2

[Event "Drummondville"]
[Site "Drummondville CAN"]
[Date "1997.08.16"]
[Round "2"]
[White "Lacroix, Serge"]
[Black "Rashev, Nick"]
[Result "1/2-1/2"]
[WhiteElo "2029"]
[BlackElo "1998"]
[Annotator "Incomplete"]
[PlyCount "48"]
[EventDate "1997.08.15"]
[EventType "swiss"]
[EventRounds "5"]
[EventCountry "CAN"]

1. e4 c5 2. Nf3 Nc6 3. d4 cxd4 4. Nxd4 Nf6 5. Nc3 d6 6. Bg5 e6 7. Qd2 a6 8.
O-O-O h6 9. Bh4 Nxe4 10. Qf4 Ng5 11. Nxc6 bxc6 12. Qa4 Qb6 13. f4 Nh7 14. f5
Rb8 15. b3 Be7 16. fxe6 Bxe6 17. Ne4 d5 18. Bf2 Qb4 19. Qxc6+ Kf8 20. Nc5 Ng5
21. Bd3 Bg4 22. Kb1 Bxd1 23. Nd7+ Kg8 24. Nxb8 Bxc2+ {etc.} 1/2-1/2

[Event "Drummondville"]
[Site "Drummondville CAN"]
[Date "1997.08.16"]
[Round "3"]
[White "Desjardins, Andre"]
[Black "Lacroix, Serge"]
[Result "1-0"]
[WhiteElo "2058"]
[BlackElo "1998"]
[Annotator "Incomplete"]
[PlyCount "68"]
[EventDate "1997.08.15"]
[EventType "swiss"]
[EventRounds "5"]
[EventCountry "CAN"]

1. e4 e5 2. Nf3 Nc6 3. Bb5 a6 4. Ba4 Nf6 5. O-O Be7 6. Re1 b5 7. Bb3 d6 8. c3
O-O 9. d3 Nd7 10. Nbd2 Nc5 11. Bc2 Bf6 12. Nf1 Re8 13. d4 Nd7 14. h3 g6 15. g4
Nb6 16. Ng3 exd4 17. cxd4 Nb4 18. Bb1 c5 19. b3 Bb7 20. Bb2 Rc8 21. Qd2 Nc6 22.
d5 Bxb2 23. Qxb2 Ne5 24. Nxe5 dxe5 25. Bd3 c4 26. bxc4 Nxc4 27. Bxc4 Rxc4 28.
Rac1 Qa5 29. Kf1 Qc7 30. Rxc4 Qxc4+ 31. Kg2 Qc7 32. Rc1 Qd7 33. Rc5 f6 34. Qc3
Rc8 {etc.} 1-0

[Event "Drummondville"]
[Site "Drummondville CAN"]
[Date "1997.08.17"]
[Round "4"]
[White "Lacroix, Serge"]
[Black "Boulay, David"]
[Result "1/2-1/2"]
[WhiteElo "1991"]
[BlackElo "2003"]
[PlyCount "75"]
[EventDate "1997.08.15"]
[EventType "swiss"]
[EventRounds "5"]
[EventCountry "CAN"]

1. e4 c5 2. Nf3 d6 3. d4 cxd4 4. Nxd4 Nf6 5. Nc3 a6 6. Bg5 e6 7. f4 Be7 8. Qf3
Qa5 9. O-O-O Bd7 10. g4 Nc6 11. Bxf6 Bxf6 12. Nb3 Qc7 13. g5 Be7 14. Bg2 O-O
15. h4 b5 16. Rhe1 Rac8 17. Rd2 b4 18. Nd5 exd5 19. exd5 Qa7 20. dxc6 Bxc6 21.
Qe3 Qxe3 22. Rxe3 Bd8 23. Bh3 Bb6 24. Nd4 Rfe8 25. Rxe8+ Rxe8 26. Kd1 Bb7 27.
c3 bxc3 28. bxc3 g6 29. Re2 Kf8 30. f5 Re5 31. f6 Rxe2 32. Kxe2 Bd5 33. a4 Ke8
34. Bc8 Bc4+ 35. Ke3 Kd8 36. Bb7 Kc7 37. Be4 d5 38. Bc2 1/2-1/2

[Event "North Bay int. U2200"]
[Site "North Bay CAN"]
[Date "1997.08.07"]
[Round "2"]
[White "Lacroix, Serge"]
[Black "Peterson, George"]
[Result "1-0"]
[WhiteElo "2018"]
[BlackElo "2113"]
[PlyCount "77"]
[EventDate "1997.08.07"]
[EventType "swiss"]
[EventRounds "8"]
[EventCountry "CAN"]

1. e4 c5 2. Nf3 Nc6 3. d4 cxd4 4. Nxd4 Nf6 5. Nc3 e5 6. Ndb5 d6 7. Bg5 a6 8.
Bxf6 gxf6 9. Na3 b5 10. Nd5 f5 11. exf5 Bxf5 12. Qf3 Nd4 13. Nc7+ Qxc7 14.
Qxa8+ Ke7 15. c3 b4 16. cxb4 Qb6 17. Bxa6 Qxb4+ 18. Kf1 Qxb2 19. Qb7+ Qxb7 20.
Bxb7 Ke6 21. Bc8+ Kf6 22. Bxf5 Kxf5 23. Rb1 Be7 24. Nb5 Rc8 25. Nxd4+ exd4 26.
g4+ Kf4 27. Rb2 Kf3 28. Rb3+ Rc3 29. h4 Kxg4 30. Rxc3 dxc3 31. Ke2 d5 32. Rd1
Ba3 33. Rd4+ Kf5 34. Kd3 Ke5 35. f4+ Kf5 36. Kxc3 Be7 37. a4 Bxh4 38. Rxd5+ Ke6
39. Rh5 1-0

[Event "Quebec op U2000"]
[Site "Montreal CAN"]
[Date "1997.07.26"]
[Round "1"]
[White "Goho, Shaun"]
[Black "Lacroix, Serge"]
[Result "0-1"]
[WhiteElo "1796"]
[BlackElo "1985"]
[Annotator "Incomplete"]
[PlyCount "73"]
[EventDate "1997.07.26"]
[EventType "swiss"]
[EventRounds "9"]
[EventCountry "CAN"]

1. d4 Nf6 2. c4 e6 3. Nc3 Bb4 4. e3 O-O 5. Bd3 d5 6. cxd5 exd5 7. a3 Bd6 8. Qc2
c6 9. Nge2 Re8 10. Ng3 Nbd7 11. O-O Nf8 12. Bd2 Ng4 13. Nce2 Ng6 14. h3 Nf6 15.
b4 Bd7 16. a4 a6 17. Rab1 Qc8 18. Bf5 Nh4 19. Bxd7 Qxd7 20. Rfc1 Ng6 21. Rb3
Nf8 22. Nf5 Ne4 23. Nxd6 Nxd6 24. Nf4 Ne6 25. Nd3 Ng5 26. Be1 f6 27. Nc5 Qe7
28. h4 Ngf7 29. f3 f5 30. Bf2 g6 31. Re1 b6 32. Nd3 Nc4 33. Nb2 b5 34. a5 Nfd6
35. Rc3 Qf6 36. Re2 Re7 37. Nd3 {etc.} 0-1

[Event "Quebec op U2000"]
[Site "Montreal CAN"]
[Date "1997.07.27"]
[Round "3"]
[White "Lebeau, Gilbert"]
[Black "Lacroix, Serge"]
[Result "0-1"]
[WhiteElo "1856"]
[BlackElo "1985"]
[PlyCount "100"]
[EventDate "1997.07.26"]
[EventType "swiss"]
[EventRounds "9"]
[EventCountry "CAN"]

1. d4 Nf6 2. c4 e6 3. Nc3 Bb4 4. Qc2 O-O 5. Nf3 d5 6. e3 b6 7. cxd5 exd5 8. Bd2
Bb7 9. Bd3 Nbd7 10. O-O c5 11. a3 Bxc3 12. Bxc3 c4 13. Be2 Re8 14. Ne5 Ne4 15.
f3 Nxc3 16. Qxc3 Nxe5 17. dxe5 Qe7 18. Rfe1 Qxe5 19. Qxe5 Rxe5 20. Bf1 b5 21.
Rac1 a6 22. f4 Re7 23. g3 f5 24. Bg2 Kf7 25. Rcd1 Ke6 26. Kf2 Kd6 27. Rd4 Kc5
28. Red1 Rd8 29. R1d2 a5 30. Bf1 Bc6 31. Bg2 b4 32. axb4+ axb4 33. Bf1 Bb5 34.
Bg2 Red7 35. Bh3 Rf7 36. Bg2 Bc6 37. Bf1 Rdd7 38. Rc2 b3 39. Rc3 Bb5 40. Bg2 g6
41. Rc1 Rf6 42. Rcd1 Bc6 43. Bf3 Re6 44. Bg2 Re8 45. Bf3 Ra8 46. Rc1 Ra2 47.
Rd2 Rda7 48. Ke2 Ra1 49. Rcd1 Rxd1 50. Rxd1 Ra2 0-1

[Event "Quebec op U2000"]
[Site "Montreal CAN"]
[Date "1997.07.28"]
[Round "4"]
[White "Lacroix, Serge"]
[Black "Gravel, Simon M"]
[Result "1/2-1/2"]
[WhiteElo "1985"]
[BlackElo "1812"]
[PlyCount "105"]
[EventDate "1997.07.26"]
[EventType "swiss"]
[EventRounds "9"]
[EventCountry "CAN"]

1. e4 e6 2. d4 d5 3. Nc3 Bb4 4. e5 c5 5. a3 Bxc3+ 6. bxc3 Ne7 7. a4 Qa5 8. Qd2
Nbc6 9. Nf3 Bd7 10. Be2 Rc8 11. O-O cxd4 12. cxd4 Qxd2 13. Bxd2 Nf5 14. c3 Na5
15. Rfb1 Rc7 16. Bd3 Ne7 17. Ng5 h6 18. Nh3 Nc4 19. Be1 Nc6 20. Nf4 N6a5 21.
Bc2 Ke7 22. Nh5 Rg8 23. Kf1 Rc6 24. Bh7 Rh8 25. Bc2 Rg8 26. Ke2 Rb6 27. Rxb6
Nxb6 28. f4 Rc8 29. g4 Kf8 30. f5 Rc4 31. fxe6 fxe6 32. Nf4 g5 33. Nd3 Nxa4 34.
Nc5 Nxc5 35. Rxa5 Na6 36. Bb3 Rc7 37. Kd2 Bc8 38. h4 Kg7 39. hxg5 hxg5 40. Bf2
Kf8 41. Ra1 b6 42. Be3 Rg7 43. Rh1 Bd7 44. Rh8+ Rg8 45. Rh7 Nb8 46. Rh5 Be8 47.
Rxg5 Bg6 48. c4 dxc4 49. Bxc4 Kf7 50. Kc3 Nd7 51. Bd3 Bxd3 52. Rxg8 Kxg8 53.
Kxd3 1/2-1/2

[Event "Quebec op U2000"]
[Site "Montreal CAN"]
[Date "1997.07.29"]
[Round "5"]
[White "Belanger, Jacques"]
[Black "Lacroix, Serge"]
[Result "1-0"]
[WhiteElo "1905"]
[BlackElo "1985"]
[PlyCount "65"]
[EventDate "1997.07.26"]
[EventType "swiss"]
[EventRounds "9"]
[EventCountry "CAN"]

1. e4 e5 2. Nf3 Nc6 3. Bb5 a6 4. Ba4 Nf6 5. O-O Be7 6. Re1 b5 7. Bb3 d6 8. c3
O-O 9. h3 Nd7 10. d4 Nb6 11. d5 Na5 12. Bc2 c6 13. dxc6 Qc7 14. Nbd2 Nxc6 15.
Nf1 b4 16. cxb4 Nxb4 17. Bb3 Be6 18. Ne3 Nc4 19. a3 Nxe3 20. Bxe3 Bxb3 21. Qxb3
Nc6 22. Rac1 Rfb8 23. Qd5 Rc8 24. Rc3 Qd7 25. Rec1 Nd8 26. Nxe5 Qe6 27. Qxe6
Rxc3 28. Qxe7 Rxc1+ 29. Bxc1 g6 30. Bh6 Ne6 31. Qxf7+ Kh8 32. Qxe6 dxe5 33.
Qf6+ 1-0

[Event "Quebec op U2000"]
[Site "Montreal CAN"]
[Date "1999.07.31"]
[Round "5"]
[White "Bouchard, Jean-Marc"]
[Black "Lacroix, Serge"]
[Result "0-1"]
[WhiteElo "2073"]
[BlackElo "1982"]
[PlyCount "106"]
[EventDate "1997.07.26"]
[EventType "swiss"]
[EventRounds "9"]
[EventCountry "CAN"]

1. e4 e5 2. Nf3 Nc6 3. Bb5 a6 4. Ba4 Nf6 5. Qe2 b5 6. Bb3 Be7 7. h3 d6 8. c3
Na5 9. Bc2 c5 10. O-O Qc7 11. d3 O-O 12. Re1 Bd7 13. Nbd2 Rfe8 14. Nf1 Nc6 15.
Ng3 Rad8 16. Bg5 h6 17. Be3 d5 18. Nh2 d4 19. Bd2 Be6 20. Qf3 c4 21. dxc4 dxc3
22. Bxc3 b4 23. Ba4 bxc3 24. Bxc6 Qxc6 25. Qxc3 Qxc4 26. Qxc4 Bxc4 27. Nf5 Be6
28. Nxe7+ Rxe7 29. b4 Rd4 30. Nf3 Rxe4 31. Rxe4 Nxe4 32. Re1 Bd5 33. a4 f6 34.
b5 axb5 35. axb5 Rb7 36. Rd1 Rxb5 37. Ne1 Nc3 38. Rd3 Ne2+ 39. Kh2 Nf4 40. Rd1
Rb2 41. Nd3 Nxd3 42. Rxd3 Rb5 43. f3 Kf7 44. Rd2 Ke6 45. Kg3 f5 46. Rf2 g5 47.
h4 Rb4 48. hxg5 hxg5 49. Rc2 e4 50. fxe4 Bxe4 51. Ra2 Rb3+ 52. Kf2 Ke5 53. g3
Rf3+ 0-1

[Event "Quebec op U2000"]
[Site "Montreal CAN"]
[Date "1997.08.02"]
[Round "9"]
[White "Hudon, Paul"]
[Black "Lacroix, Serge"]
[Result "1-0"]
[WhiteElo "1799"]
[BlackElo "1985"]
[Annotator "Incomplete"]
[PlyCount "57"]
[EventDate "1997.07.26"]
[EventType "swiss"]
[EventRounds "9"]
[EventCountry "CAN"]

1. e4 e5 2. Nf3 Nc6 3. Bb5 a6 4. Ba4 Nf6 5. O-O Be7 6. Re1 b5 7. Bb3 d6 8. c3
O-O 9. d4 Bg4 10. Be3 Na5 11. Bc2 Re8 12. h3 Bh5 13. Nbd2 exd4 14. cxd4 c5 15.
Nf1 Nc4 16. Bc1 Bxf3 17. gxf3 cxd4 18. Kh2 Rc8 19. f4 g6 20. Qxd4 Bf8 21. Qd3
d5 22. e5 Nh5 23. a3 Nxb2 24. Qe2 Nc4 25. Bd3 Bc5 26. Qf3 Bf8 27. Ne3 Nxe3 28.
Bxe3 Rc7 29. Bd4 {etc.} 1-0

[Event "Haut-Richelieu"]
[Site "Saint-Luc CAN"]
[Date "1997.05.18"]
[Round "2"]
[White "Lacroix, Serge"]
[Black "Filiatrault, Marc"]
[Result "1/2-1/2"]
[WhiteElo "2051"]
[BlackElo "1731"]
[PlyCount "61"]
[EventDate "1997.05.16"]
[EventType "swiss"]
[EventRounds "5"]
[EventCountry "CAN"]

1. e4 c5 2. Nf3 Nc6 3. d4 cxd4 4. Nxd4 e5 5. Nb5 a6 6. Nd6+ Bxd6 7. Qxd6 Qf6 8.
Qd1 Qg6 9. Nc3 d5 10. Nxd5 Qxe4+ 11. Ne3 Nf6 12. Bd3 Qb4+ 13. c3 Qe7 14. Nf5
Bxf5 15. Bxf5 Rd8 16. Qc2 O-O 17. Bg5 h6 18. Bh4 Rd6 19. Rd1 Rfd8 20. O-O Qc7
21. f3 Rxd1 22. Rxd1 Rxd1+ 23. Qxd1 Qb6+ 24. Kf1 Qxb2 25. Qb3 Qxb3 26. axb3 Nd5
27. Bc8 Nxc3 28. Bxb7 Na5 29. Bxa6 Nxb3 30. Bg3 e4 31. Be1 1/2-1/2

[Event "Haut-Richelieu"]
[Site "Saint-Luc CAN"]
[Date "1997.05.18"]
[Round "3"]
[White "Rousseau, Robert"]
[Black "Lacroix, Serge"]
[Result "0-1"]
[WhiteElo "1731"]
[BlackElo "2051"]
[PlyCount "80"]
[EventDate "1997.05.16"]
[EventType "swiss"]
[EventRounds "5"]
[EventCountry "CAN"]

1. e4 e5 2. Nf3 Nc6 3. d4 exd4 4. Bc4 Nf6 5. O-O Nxe4 6. Re1 d5 7. Bxd5 Qxd5 8.
Nc3 Qa5 9. Nxe4 Be6 10. Neg5 O-O-O 11. Nxe6 fxe6 12. Ng5 Bb4 13. Rxe6 Qf5 14.
Qe2 d3 15. cxd3 Nd4 16. Qe4 Qxe4 17. Rxe4 Nc2 18. Rb1 Rxd3 19. Be3 Rhd8 20. h3
Rd1+ 21. Rxd1 Rxd1+ 22. Kh2 Nxe3 23. Rxb4 Nd5 24. Rb3 Rd2 25. Kg3 h6 26. Ne4
Rc2 27. Kf3 b6 28. a3 Kd7 29. Rd3 Ke6 30. Rd2 Rc1 31. Re2 Kd7 32. Ng3 g6 33.
Ke4 Kd6 34. Rd2 c6 35. Ne2 Re1 36. Kd4 Ke6 37. g3 g5 38. f4 gxf4 39. gxf4 Kf5
40. Rc2 Rd1+ 0-1

[Event "Haut-Richelieu"]
[Site "Saint-Luc CAN"]
[Date "1997.05.19"]
[Round "4"]
[White "Lacroix, Serge"]
[Black "Mongeau, Diane"]
[Result "1/2-1/2"]
[WhiteElo "2051"]
[BlackElo "1745"]
[Annotator "Incomplete"]
[PlyCount "47"]
[EventDate "1997.05.16"]
[EventType "swiss"]
[EventRounds "5"]
[EventCountry "CAN"]

1. e4 c5 2. Nf3 g6 3. d4 Bg7 4. Nc3 Qa5 5. Bd2 cxd4 6. Nd5 Qd8 7. Bf4 d6 8.
Nxd4 a6 9. Be3 Nd7 10. Qd2 Ngf6 11. Nxf6+ Nxf6 12. f3 O-O 13. O-O-O b5 14. g4
Qc7 15. h4 h5 16. g5 Nd7 17. Be2 Ne5 18. Kb1 Nc4 19. Bxc4 bxc4 20. c3 Rb8 21.
Ne2 Bd7 22. Bd4 e5 23. Be3 Qb7 24. Qc1 {etc.} 1/2-1/2

[Event "Haut-Richelieu"]
[Site "Saint-Luc CAN"]
[Date "1997.05.19"]
[Round "5"]
[White "Renaud, Rija"]
[Black "Lacroix, Serge"]
[Result "0-1"]
[WhiteElo "1692"]
[BlackElo "2051"]
[PlyCount "97"]
[EventDate "1997.05.16"]
[EventType "swiss"]
[EventRounds "5"]
[EventCountry "CAN"]

1. e4 e5 2. Nc3 Nf6 3. f4 d5 4. fxe5 Nxe4 5. d3 Qh4+ 6. g3 Nxg3 7. Nf3 Qh5 8.
Nxd5 Nxh1 9. Nxc7+ Kd8 10. Nd5 Bg4 11. Bg2 Bxf3 12. Qxf3 Qxf3 13. Bxf3 Nc6 14.
Bg5+ Be7 15. Nxe7 Nxe7 16. Bh4 g5 17. Bxg5 Rg8 18. Bxe7+ Kxe7 19. Ke2 Ng3+ 20.
hxg3 Rxg3 21. Rh1 Rg7 22. c3 Rh8 23. Kf2 b6 24. Rh4 h5 25. a3 Ke6 26. d4 Rg5
27. Rf4 Rf5 28. Rh4 Rg5 29. Rf4 Rh6 30. Be2 Rg7 31. Bc4+ Ke7 32. Rh4 Rg4 33.
Rxg4 hxg4 34. Kg3 Rh3+ 35. Kg2 Re3 36. a4 a5 37. Bb5 f6 38. exf6+ Kxf6 39. Bc4
Kf5 40. d5 Ke5 41. Kg1 Kd6 42. Kg2 Kc5 43. Ba6 Kxd5 44. Bb7+ Ke5 45. Ba6 Kf4
46. b4 Rxc3 47. bxa5 bxa5 48. Bb7 Rc2+ 49. Kf1 0-1

[Event "Quebec-ch qual. 1"]
[Site "Montreal CAN"]
[Date "1997.04.18"]
[Round "1"]
[White "Gladu, Pierre"]
[Black "Lacroix, Serge"]
[Result "0-1"]
[WhiteElo "2147"]
[BlackElo "1987"]
[PlyCount "72"]
[EventDate "1997.04.18"]
[EventType "swiss"]
[EventRounds "5"]
[EventCountry "CAN"]

1. e4 e5 2. Nf3 Nc6 3. Bb5 a6 4. Bxc6 dxc6 5. O-O Ne7 6. d4 exd4 7. Qxd4 Qxd4
8. Nxd4 c5 9. Nb3 Ng6 10. Nc3 Bd7 11. Be3 b6 12. f4 O-O-O 13. a4 a5 14. Nd2 Bc6
15. Nc4 f6 16. Rad1 Be7 17. g3 Rhe8 18. Bf2 Bf8 19. Rxd8+ Rxd8 20. Re1 Be8 21.
b3 Ne7 22. Rd1 Nc6 23. Rxd8+ Kxd8 24. Nb5 Nb4 25. Ne3 Bg6 26. f5 Bf7 27. c4 c6
28. Nc3 g6 29. Ng4 Ke7 30. Nb1 h5 31. Ne3 Kd6 32. Nd2 Bh6 33. Nf3 Nd3 34. Nf1
Nc1 35. N1d2 b5 36. Kf1 Nxb3 0-1

[Event "Quebec-ch qual. 1"]
[Site "Montreal CAN"]
[Date "1997.04.19"]
[Round "2"]
[White "Lacroix, Serge"]
[Black "Moussa, Alaa Eddine"]
[Result "1/2-1/2"]
[WhiteElo "1987"]
[BlackElo "2163"]
[Annotator "Incomplete"]
[PlyCount "53"]
[EventDate "1997.04.18"]
[EventType "swiss"]
[EventRounds "5"]
[EventCountry "CAN"]

1. e4 c5 2. Nf3 Nc6 3. d4 cxd4 4. Nxd4 Nf6 5. Nc3 e5 6. Ndb5 d6 7. Bg5 a6 8.
Na3 b5 9. Bxf6 gxf6 10. Nd5 Bg7 11. c3 Ne7 12. Nxe7 Qxe7 13. Qh5 f5 14. Bd3 Qb7
15. Qg5 Rg8 16. exf5 e4 17. O-O-O h6 18. Qe3 Bxf5 19. Bc2 d5 20. Bb3 Be6 21. f4
Rc8 22. Nc2 Bf6 23. g3 a5 24. Qe2 Rc5 25. a3 Ke7 26. f5 d4 27. fxe6 {etc.}
1/2-1/2

[Event "Quebec-ch qual. 1"]
[Site "Montreal CAN"]
[Date "1997.04.19"]
[Round "3"]
[White "Le Tual, Jean"]
[Black "Lacroix, Serge"]
[Result "0-1"]
[WhiteElo "1501"]
[BlackElo "1987"]
[PlyCount "67"]
[EventDate "1997.04.18"]
[EventType "swiss"]
[EventRounds "5"]
[EventCountry "CAN"]

1. e4 e5 2. Nf3 Nc6 3. Bb5 a6 4. Bxc6 dxc6 5. O-O Ne7 6. d4 exd4 7. Qxd4 Qxd4
8. Nxd4 c5 9. Ne2 f5 10. Nbc3 Bd7 11. Rd1 O-O-O 12. Be3 b6 13. Rd2 Bc6 14.
Rxd8+ Kxd8 15. Rd1+ Kc8 16. f3 fxe4 17. Nxe4 Nd5 18. Bf2 Be7 19. c4 Nf6 20.
N2c3 Rd8 21. Rxd8+ Kxd8 22. Kf1 b5 23. Nxc5 bxc4 24. Nxa6 Nd7 25. Ne4 Bb5 26.
Nxc7 Kxc7 27. Ke1 Kc6 28. Bd4 g6 29. a3 Nc5 30. Kd2 Nd3 31. Ke3 Ne1 32. Nd2 Kd5
33. g3 Nd3 34. h3 0-1

[Event "Quebec-ch qual. 1"]
[Site "Montreal CAN"]
[Date "1997.04.19"]
[Round "4"]
[White "Lacroix, Serge"]
[Black "Tremblay, Alain"]
[Result "1-0"]
[WhiteElo "1987"]
[BlackElo "1923"]
[PlyCount "45"]
[EventDate "1997.04.18"]
[EventType "swiss"]
[EventRounds "5"]
[EventCountry "CAN"]

1. e4 c5 2. Nf3 d6 3. d4 cxd4 4. Nxd4 Nf6 5. Nc3 a6 6. Bg5 e6 7. f4 Be7 8. Qf3
Qc7 9. O-O-O b5 10. Bxf6 gxf6 11. f5 Nc6 12. fxe6 fxe6 13. Qh5+ Kf8 14. Qh6+
Kf7 15. Be2 Bf8 16. Qh5+ Kg7 17. Nxc6 Qxc6 18. Rd3 Rg8 19. Rh3 h6 20. Rf1 Bb7
21. Qxh6+ Kf7 22. Qxf6+ Ke8 23. Qf7+ 1-0

[Event "Quebec-ch qual. 1"]
[Site "Montreal CAN"]
[Date "1997.04.20"]
[Round "5"]
[White "Lamarche, Michel"]
[Black "Lacroix, Serge"]
[Result "1/2-1/2"]
[WhiteElo "1755"]
[BlackElo "1987"]
[PlyCount "81"]
[EventDate "1997.04.18"]
[EventType "swiss"]
[EventRounds "5"]
[EventCountry "CAN"]

1. e4 e5 2. Nf3 Nc6 3. Bb5 a6 4. Ba4 Nf6 5. O-O Be7 6. Re1 b5 7. Bb3 d6 8. c3
O-O 9. h3 Nd7 10. d4 Nb6 11. Be3 exd4 12. cxd4 d5 13. Nc3 dxe4 14. Nxe4 Bf5 15.
Ng3 Bg6 16. d5 Na5 17. Bxb6 cxb6 18. Ne5 Bb4 19. Re2 Rc8 20. Nxg6 hxg6 21. Ne4
Nb7 22. Qd3 Nc5 23. Qf3 Nxe4 24. Rxe4 Bd6 25. Rae1 Qf6 26. Qe2 Qg5 27. Qd1 Rfd8
28. h4 Qh5 29. Qd2 Qh6 30. Qd1 g5 31. g3 Rc5 32. Kg2 Rdc8 33. hxg5 Qxg5 34. Qd3
Rc1 35. Rxc1 Rxc1 36. Re8+ Bf8 37. Re4 Qf6 38. Rf4 Qd6 39. Bc2 g6 40. Bd1 Bg7
41. b3 1/2-1/2

[Event "Quebec-ch qual. 2"]
[Site "Montreal CAN"]
[Date "1997.05.02"]
[Round "1"]
[White "Filiatrault, Marc"]
[Black "Lacroix, Serge"]
[Result "0-1"]
[WhiteElo "1754"]
[BlackElo "2033"]
[PlyCount "48"]
[EventDate "1997.04.18"]
[EventType "swiss"]
[EventRounds "5"]
[EventCountry "CAN"]

1. d4 Nf6 2. e3 c5 3. Bd3 Nc6 4. c3 e5 5. dxc5 Bxc5 6. b4 Be7 7. Ne2 d5 8. b5
Nb8 9. O-O Nbd7 10. Na3 Nc5 11. Bc2 Nce4 12. Bb3 Qa5 13. Nb1 Be6 14. f4 Nc5 15.
fxe5 Nxb3 16. Qxb3 Ne4 17. Nd4 O-O 18. Bd2 Rac8 19. Be1 Bg5 20. Nxe6 Bxe3+ 21.
Bf2 Bxf2+ 22. Rxf2 fxe6 23. Rc2 Qb6+ 24. Kh1 Rf1# 0-1

[Event "Quebec-ch qual. 2"]
[Site "Montreal CAN"]
[Date "1997.05.03"]
[Round "2"]
[White "Lacroix, Serge"]
[Black "Saint-Pierre, Benoit"]
[Result "1-0"]
[WhiteElo "2033"]
[BlackElo "2301"]
[PlyCount "81"]
[EventDate "1997.04.18"]
[EventType "swiss"]
[EventRounds "5"]
[EventCountry "CAN"]

1. e4 c5 2. Nf3 d6 3. d4 cxd4 4. Nxd4 Nf6 5. Nc3 Nc6 6. Bg5 e6 7. Qd2 a6 8.
O-O-O Bd7 9. f4 b5 10. Bxf6 gxf6 11. f5 Qb6 12. fxe6 fxe6 13. Nxc6 Qxc6 14. Qf4
O-O-O 15. Qxf6 Rg8 16. Qd4 Bh6+ 17. Kb1 Bf4 18. a4 Be5 19. axb5 axb5 20. Qb4
Bxc3 21. bxc3 Kc7 22. g3 Ra8 23. e5 d5 24. Bd3 h5 25. Kb2 Rg4 26. Qd6+ Qxd6 27.
exd6+ Kxd6 28. Be2 Rg5 29. Ra1 Ra4 30. Rhf1 Re5 31. Bd3 Rxa1 32. Rxa1 h4 33.
Ra6+ Kc5 34. Ra7 Bc6 35. g4 Re3 36. g5 Rh3 37. g6 Rxh2 38. g7 Rg2 39. Bh7 e5
40. g8=Q Rxg8 41. Bxg8 1-0

[Event "Quebec-ch qual. 2"]
[Site "Montreal CAN"]
[Date "1997.05.03"]
[Round "3"]
[White "Moussa, Alaa Eddine"]
[Black "Lacroix, Serge"]
[Result "1-0"]
[WhiteElo "2183"]
[BlackElo "2033"]
[PlyCount "59"]
[EventDate "1997.04.18"]
[EventType "swiss"]
[EventRounds "5"]
[EventCountry "CAN"]

1. d4 Nf6 2. c4 e6 3. Nf3 Bb4+ 4. Bd2 c5 5. e3 Bxd2+ 6. Nbxd2 cxd4 7. Nxd4 Nc6
8. N2b3 O-O 9. Be2 Nxd4 10. Qxd4 d5 11. O-O b6 12. cxd5 Nxd5 13. Rfd1 Bb7 14.
Bf3 Qe7 15. Qe5 Rfd8 16. Nd4 Rac8 17. Rac1 Qd7 18. h3 g6 19. Bg4 Rxc1 20. Rxc1
Qd6 21. Qg5 a6 22. h4 Rd7 23. h5 Qe7 24. Qe5 f5 25. Bf3 gxh5 26. Nxe6 Qf6 27.
Qxf6 Nxf6 28. Bxb7 Rxb7 29. Rc8+ Kf7 30. Nd8+ 1-0

[Event "Quebec-ch qual. 2"]
[Site "Montreal CAN"]
[Date "1997.05.04"]
[Round "4"]
[White "Lacroix, Serge"]
[Black "Villeneuve, Benoit"]
[Result "1-0"]
[WhiteElo "2033"]
[BlackElo "1670"]
[PlyCount "83"]
[EventDate "1997.04.18"]
[EventType "swiss"]
[EventRounds "5"]
[EventCountry "CAN"]

1. e4 c6 2. d4 d5 3. Nc3 dxe4 4. Nxe4 Nf6 5. Nxf6+ exf6 6. Nf3 Be6 7. Bf4 Bd6
8. Bxd6 Qxd6 9. Qd2 O-O 10. Be2 Re8 11. O-O Nd7 12. c4 Nf8 13. Rfd1 Rad8 14. a3
Ng6 15. Ne1 Qf4 16. g3 Qc7 17. a4 Re7 18. Ng2 Red7 19. Qc3 Qb6 20. a5 Qc7 21.
Ne3 Ne7 22. Rd2 Nf5 23. Nxf5 Bxf5 24. Bf3 Rd6 25. Rad1 Qe7 26. d5 Qe5 27. Qxe5
fxe5 28. c5 R6d7 29. d6 a6 30. Re1 f6 31. Bd1 Kf7 32. Bb3+ Be6 33. Bxe6+ Kxe6
34. f4 Re8 35. fxe5 fxe5 36. Kf2 Kf5 37. Ke3 g5 38. Rf1+ Ke6 39. Ke4 Rf7 40.
Rdf2 Ref8 41. Rxf7 Rxf7 42. Rxf7 1-0

[Event "Quebec-ch qual. 2"]
[Site "Montreal CAN"]
[Date "1997.05.04"]
[Round "5"]
[White "Plante, Michel"]
[Black "Lacroix, Serge"]
[Result "1/2-1/2"]
[WhiteElo "1857"]
[BlackElo "2033"]
[PlyCount "83"]
[EventDate "1997.04.18"]
[EventType "swiss"]
[EventRounds "5"]
[EventCountry "CAN"]

1. d4 Nf6 2. Nf3 e6 3. Bg5 c5 4. e3 Qb6 5. Nbd2 d5 6. Bxf6 gxf6 7. c4 cxd4 8.
exd4 Nc6 9. cxd5 exd5 10. Qe2+ Be6 11. Qb5 Rb8 12. Qxb6 axb6 13. a3 Kd7 14. g3
Bf5 15. Rc1 Bh6 16. Rc3 Kd6 17. Nb3 Rbe8+ 18. Kd1 Bg4 19. Bg2 Re6 20. Re1 Rhe8
21. Rxe6+ fxe6 22. h3 Bh5 23. g4 Bg6 24. Ne1 e5 25. Nf3 Be4 26. dxe5+ fxe5 27.
Nh4 Bxg2 28. Nxg2 Rf8 29. f3 Bg5 30. Rd3 h6 31. Ke2 Rc8 32. Ne3 Bxe3 33. Rxe3
Rf8 34. Rd3 h5 35. Rd1 hxg4 36. hxg4 Rh8 37. Rf1 Ne7 38. Nc1 Re8 39. Kf2 Rh8
40. Rg1 Nc6 41. Nb3 Rh2+ 42. Rg2 1/2-1/2